<?xml version="1.0" encoding="UTF-8"?>
<record
    xmlns:xsi="http://www.w3.org/2001/XMLSchema-instance"
    xsi:schemaLocation="http://www.loc.gov/MARC21/slim http://www.loc.gov/standards/marcxml/schema/MARC21slim.xsd"
    xmlns="http://www.loc.gov/MARC21/slim">

  <leader>01414nam a2200205Ia 4500</leader>
  <controlfield tag="003">OSt</controlfield>
  <controlfield tag="005">20210513101615.0</controlfield>
  <controlfield tag="008">210310s1918    ck     gr     000 0dspa d</controlfield>
  <datafield tag="040" ind1=" " ind2=" ">
    <subfield code="a">CO-JMCR</subfield>
    <subfield code="c">CO-JMCR</subfield>
  </datafield>
  <datafield tag="041" ind1="0" ind2=" ">
    <subfield code="a">spa</subfield>
  </datafield>
  <datafield tag="082" ind1="0" ind2="4">
    <subfield code="a">336.205 /</subfield>
    <subfield code="b">J371r</subfield>
    <subfield code="2">23</subfield>
  </datafield>
  <datafield tag="100" ind1="1" ind2=" ">
    <subfield code="a">Jaramillo, Esteban, </subfield>
    <subfield code="9">15022</subfield>
    <subfield code="e">autor</subfield>
  </datafield>
  <datafield tag="245" ind1="1" ind2="3">
    <subfield code="a">La Reforma Tributaria en Colombia : </subfield>
    <subfield code="b">un problema fiscal y social / </subfield>
    <subfield code="c">Esteban Jaramillo</subfield>
  </datafield>
  <datafield tag="260" ind1=" " ind2=" ">
    <subfield code="a">Bogot&#xE1; : </subfield>
    <subfield code="b">[sn], </subfield>
    <subfield code="c">1918</subfield>
  </datafield>
  <datafield tag="300" ind1=" " ind2=" ">
    <subfield code="a">284 p&#xE1;ginas ; </subfield>
    <subfield code="c">20 cm.</subfield>
  </datafield>
  <datafield tag="500" ind1=" " ind2=" ">
    <subfield code="a">Incluye datos biogr&#xE1;ficos del autor.</subfield>
  </datafield>
  <datafield tag="505" ind1="0" ind2=" ">
    <subfield code="a">La misi&#xF3;n fiscal del estado y el aumento y el aumento de los gastos p&#xFA;blicos -- Rese&#xF1;a hist&#xF3;rico-cr&#xE9;tica de los sistemas tributarios -- Concepto de impuestos -- Concepto del impuesto y principios fiscales y econ&#xF3;micos aplicables a &#xE9;l -- El sistema rent&#xED;stico de Colombia -- Historia del impuesto sobre la renta (Income Tax) -- La renta gravable y la tasaci&#xF3;n del impuesto -- Conclusiones pr&#xE1;cticas -- Proyecto de ley para la creaci&#xF3;n del impuesto sobre la renta -- Proyecto de ley por la cual se establece como recurso fiscal nacional el impuesto sobre la renta -- Creaci&#xF3;n del impuesto -- Clasificaci&#xF3;n y definici&#xF3;n de la renta -- Deducciones de la renta -- Ratas al impuesto -- Exenciones y reducciones -- Tasaci&#xF3;n y recaudaci&#xF3;n del impuesto -- Disposiciones varias</subfield>
  </datafield>
  <datafield tag="650" ind1="1" ind2="4">
    <subfield code="a">Reforma Tributaria</subfield>
    <subfield code="9">15024</subfield>
    <subfield code="y">1918</subfield>
    <subfield code="z">Colombia </subfield>
  </datafield>
  <datafield tag="942" ind1=" " ind2=" ">
    <subfield code="2">ddc</subfield>
    <subfield code="c">BK</subfield>
  </datafield>
  <datafield tag="999" ind1=" " ind2=" ">
    <subfield code="c">7640</subfield>
    <subfield code="d">7640</subfield>
  </datafield>
  <datafield tag="952" ind1=" " ind2=" ">
    <subfield code="0">0</subfield>
    <subfield code="1">0</subfield>
    <subfield code="2">ddc</subfield>
    <subfield code="4">0</subfield>
    <subfield code="7">0</subfield>
    <subfield code="8">NFIC</subfield>
    <subfield code="a">CPL</subfield>
    <subfield code="b">CPL</subfield>
    <subfield code="d">2018-04-15</subfield>
    <subfield code="e">Donaci&#xF3;n</subfield>
    <subfield code="l">1</subfield>
    <subfield code="o">336.205 / J371r</subfield>
    <subfield code="p">430003397</subfield>
    <subfield code="r">2025-05-13 09:11:27</subfield>
    <subfield code="s">2025-05-12</subfield>
    <subfield code="t">Ej.1</subfield>
    <subfield code="y">BK</subfield>
  </datafield>
</record>
